Statistics for 50 Most Dense U.S. Cities

Click here to take the quiz!

General Stats

  • This quiz has been taken 62 times
  • The average score is 30 of 50

Answer Stats

DensityCity% Correct
11,029/km²New York City
100%
1,420/km²Houston
98%
7,315/km²San Francisco
98%
5,491/km²Boston
96%
1,544/km²Dallas
96%
4,528/km²Philadelphia
96%
3,436/km²Seattle
94%
3,321/km²Los Angeles
92%
5,139/km²Miami
92%
4,565/km²Chicago
90%
2,114/km²Pittsburgh
88%
1,710/km²San Diego
88%
1,423/km²Atlanta
86%
1,811/km²Denver
86%
1,853/km²Detroit
84%
4,438/km²Washington D.C.
84%
1,482/km²Cincinnati
82%
2,868/km²Baltimore
80%
1,897/km²Cleveland
78%
1,555/km²Columbus
78%
3,008/km²Minneapolis
78%
1,905/km²Portland
78%
1,897/km²St. Louis
76%
1,873/km²Las Vegas
74%
2,242/km²San Jose
74%
2,429/km²Buffalo
68%
2,240/km²Honolulu
60%
2,354/km²Milwaukee
60%
2,931/km²Oakland
60%
2,006/km²Sacramento
60%
4,527/km²Newark
58%
1,484/km²Richmond
56%
6,908/km²Jersey City
52%
3,588/km²Long Beach
52%
1,799/km²Fresno
42%
2,289/km²Saint Paul
42%
1,688/km²Irvine
30%
2,742/km²Anaheim
26%
1,617/km²Arlington
26%
1,576/km²Riverside
26%
1,762/km²Norfolk
24%
4,759/km²Santa Ana
24%
4,226/km²Hialeah
16%
1,685/km²St. Petersburg
16%
1,953/km²Stockton
14%
1,631/km²Glendale
10%
2,112/km²Chula Vista
6%
1,514/km²Chandler
4%
1,571/km²Plano
4%
1,573/km²Garland
2%

Score Distribution

Percentile by Number Answered

Percent of People with Each Score

Your Score History

You have not taken this quiz